000 00573nam a2200205Ia 4500
001 10418
003 GE_BSU
008 181216s||||||||xx |||||||||||||| ||und||
040 _cGE_BSU
245 _aГенетика,Том 50, №4.2014. Апрель
245 _cГл.ред.С.В.Шестаков и др.
260 _aМосква
260 _bНаука
260 _c2014
300 _a496стр.29см.
653 _aГенетика,Том 50, №4.2014. Апрель
653 _aПериодика
653 _aპერიოდიკა
942 _cCR
999 _c43678
_d43678